| 000 | 00679nam a2200229 a 4500 | ||
|---|---|---|---|
| 005 | 20240919064738.0 | ||
| 008 | 010611s1998 es r 000 0 spa d | ||
| 020 | _a847827197X | ||
| 035 | _aUPN01000108013 | ||
| 049 | _aCG | ||
| 050 | 4 |
_aLC191 _bC6.6 |
|
| 245 | 0 | 0 |
_aCooperar en la escuela : _bla responsabilidad de educar para la democracia / _ccoord. Clara Mir. |
| 260 |
_aBarcelona, Esp. : _bGraó, _c1998. |
||
| 300 | _a180 p. | ||
| 440 | 0 |
_aBiblioteca de aula ; _v132 |
|
| 440 | 0 | _aPedagogía | |
| 650 | 4 |
_aEducación _xAspectos sociales _95311 |
|
| 650 | 4 |
_aDemocracia _96020 |
|
| 650 | 4 |
_aComunidad y escuela _99258 |
|
| 700 | 1 |
_aMir, Clara, _ecoord. |
|
| 905 | _aLibro | ||
| 999 |
_c81925 _d81925 |
||